Statistiken für NFL Teamnamen Quiz

Klicken Sie hier um das Quiz zu spielen!

Allgemein

  • Dieses Quiz wurde 4.540 mal gespielt
  • Das Durchschnittsergebnis liegt bei 25 aus 32

Antwortstatistiken

Team% Korrekt
Kansas City Chiefs
91%
Miami Dolphins
88%
New England Patriots
88%
Los Angeles Rams
87%
New York Jets
87%
San Francisco 49ers
86%
New York Giants
85%
Seattle Seahawks
84%
Green Bay Packers
83%
Las Vegas Raiders
81%
Philadelphia Eagles
81%
Minnesota Vikings
80%
Dallas Cowboys
78%
Cincinnati Bengals
77%
Detroit Lions
77%
Los Angeles Chargers
77%
Tampa Bay Buccaneers
77%
Baltimore Ravens
76%
Chicago Bears
76%
Arizona Cardinals
75%
Buffalo Bills
75%
Houston Texans
75%
Carolina Panthers
73%
Cleveland Browns
73%
Denver Broncos
73%
Pittsburgh Steelers
73%
Atlanta Falcons
72%
Jacksonville Jaguars
72%
Washington Commanders
72%
New Orleans Saints
71%
Tennessee Titans
68%
Indianapolis Colts
67%

Verteilung der Resultate

Perzentil nach korrekt beantworteten Fragen

Anzahl Personen mit jedem Resultat

Ihre Resultats-Entwicklung

Sie haben dieses Quiz noch nicht gespielt